000 00550nam a2200181Ia 4500
005 20250508153620.0
008 008 250505s9999 xx 000 0 eng d
037 _aTextual
040 _aFEDL
_beng
_cFEDL
041 _aeng
_2eng
084 _a370.973, NAT
_qFEDL
245 0 _aForty-fourth yearbook of the National society for the study of education
260 _aChicago, USA
_bThe University of Chicago Press
_c1945
300 _ax,324p.
650 _aEducation
942 _cTEXL
_h370.973, NAT
999 _c1344440
_d1344440